01982nab a2200301 i 4500003000900000005001700009008004100026040001800067072001400085072000800099100002200107100002500129100002400154100001900178245017800197500005700375520044500432520038200877650001101259650001401270650001301284650001401297650002001311773023401331856008001565942001601645999001901661BR-BrBNA20240819124638.0240819b2018 bl.|r|pooa||| 00| 0 por | aBR-BrBNAbpor aL72b8530 aL60 aGianizella, S.L.  aMoraes Júnior, J.  aNascimento, C.A.R.  aMartins, T.F.  aPrimeiro registro de machos de Amblyomma rotundatum (Acari: Ixodidae) em jabuti-tinga (Chelonoidis denticulatus) no estado do Amazonas, Amazônia brasileira: relato de caso a Publicação online; 16 ref.; Summaries (En, Pt)  a RESUMO - O carrapato Amblyomma rotundatum é uma espécie partenogenética, encontrada principalmente em anfíbios e répteis silvestres em todos os biomas brasileiros. No presente relato, registra-se a ocorrência de dois machos dessa espécie de ixodídeo encontrados em um jabuti-tinga (Chelonoidis denticulatus) proveniente do município de Manaus, Amazonas, Brasil. Palavras-chave: carrapatos, Amblyomma rotundatum, machos a ABSTRACT - The Amblyomma rotundatum tick is a parthenogenetic species, found mainly in wild amphibians and reptiles in all Brazilian biomes. The present report records the occurrence of two males of this ixodid species found on yellow-footed tortoise (Chelonoidis denticulatus) from the municipality of Manaus, Amazonas, Brazil. Keywords: ticks, Amblyomma rotundatum, males aJABUTI aCARRAPATO aBIOLOGIA aTAXONOMIA aPRAGA DE ANIMAL0 016439317174dBelo Horizonte-MG Universidade Federal de Minas Gerais - Escola de Veterinaria 1983o2024-3790tArquivo Brasileiro de Medicina Veterinária e Zootecnia (Brazil)x0102-0935gv. 70(1) p. 195-198; (2018)wBR2024002291 uhttps://www.scielo.br/j/abmvz/a/Nzq3hqndBcsLsps4kz5kZCb/?format=pdf&lang=pt cAnalítica c300950d300950